| 000 | 00848nam a22002417a 4500 | ||
|---|---|---|---|
| 001 | 6730 | ||
| 003 | FISKH | ||
| 005 | 20250526094750.0 | ||
| 008 | 250523b cb ||||| |||| 00| 0 eng d | ||
| 020 | _a9782070513291 | ||
| 040 |
_aFISKH _bFrench _cFISKH _dFISKH |
||
| 050 | _aPZ7.T6475 V | ||
| 082 | _a843.914 | ||
| 100 | _aTournier, Michel | ||
| 245 |
_aVendredi Ou La Vie Sauvage / _cBy Michel Tournier |
||
| 260 |
_aParis : _bGallimard , _c1971. |
||
| 300 |
_a191 pages : _billustrations ; _c18 cm . |
||
| 520 | _aA new approach to the Robinson Crusoe story which explores Robinson's psychological as well as physical experiences and introduces a new twist--Friday eventually becomes master of Robinson. | ||
| 650 |
_aContos galego _vFrench literature |
||
| 700 |
_aLemoine, Georges _eIllustrator |
||
| 942 |
_2ddc _cBK _n0 |
||
| 999 |
_c6730 _d6730 |
||